000
00238nam a22000857a 4500
008
161111b xxu||||| |||| 00| 0 eng d
100
_9
1159
_a
bhoosnurmath. r. s
245
_a
the topsy turvy world
260
_a
new delhi
_b
national book trust
_c
2006
999
_c
3819
_d
3819